<?xml version="1.0" encoding="UTF-8"?><?xml-stylesheet type="text/xsl" href="static/style.xsl"?><OAI-PMH xmlns="http://www.openarchives.org/OAI/2.0/" xmlns:xsi="http://www.w3.org/2001/XMLSchema-instance" xsi:schemaLocation="http://www.openarchives.org/OAI/2.0/ http://www.openarchives.org/OAI/2.0/OAI-PMH.xsd"><responseDate>2026-05-17T20:21:16Z</responseDate><request verb="GetRecord" identifier="oai:riubu.ubu.es:10259/11385" metadataPrefix="marc">https://riubu.ubu.es/oai/request</request><GetRecord><record><header><identifier>oai:riubu.ubu.es:10259/11385</identifier><datestamp>2026-05-13T10:54:11Z</datestamp><setSpec>com_10259_4809</setSpec><setSpec>com_10259_5086</setSpec><setSpec>com_10259_2604</setSpec><setSpec>col_10259_4810</setSpec></header><metadata><record xmlns="http://www.loc.gov/MARC21/slim" xmlns:doc="http://www.lyncode.com/xoai" xmlns:xsi="http://www.w3.org/2001/XMLSchema-instance" xmlns:dcterms="http://purl.org/dc/terms/" xsi:schemaLocation="http://www.loc.gov/MARC21/slim http://www.loc.gov/standards/marcxml/schema/MARC21slim.xsd">
<leader>00925njm 22002777a 4500</leader>
<datafield tag="042" ind1=" " ind2=" ">
<subfield code="a">dc</subfield>
</datafield>
<datafield tag="720" ind1=" " ind2=" ">
<subfield code="a">Rojas, Guillem</subfield>
<subfield code="e">author</subfield>
</datafield>
<datafield tag="720" ind1=" " ind2=" ">
<subfield code="a">Mena Alonso, Álvaro</subfield>
<subfield code="e">author</subfield>
</datafield>
<datafield tag="720" ind1=" " ind2=" ">
<subfield code="a">Muñoz, Álvaro</subfield>
<subfield code="e">author</subfield>
</datafield>
<datafield tag="720" ind1=" " ind2=" ">
<subfield code="a">Kanstad, Terje</subfield>
<subfield code="e">author</subfield>
</datafield>
<datafield tag="720" ind1=" " ind2=" ">
<subfield code="a">Vicente Cabrera, Miguel Ángel</subfield>
<subfield code="e">author</subfield>
</datafield>
<datafield tag="260" ind1=" " ind2=" ">
<subfield code="c">2025-09</subfield>
</datafield>
<datafield tag="520" ind1=" " ind2=" ">
<subfield code="a">This paper proposes a reliable and comprehensive procedure for the assessment of steel fibre distribution in fibre reinforced concrete. Two techniques have been used: computed tomography (CT) scanning and inductive testing. Both techniques have been applied to study the distribution of steel fibres in specimens extracted from structural elements, carrying out a comparative analysis of the results. Firstly, the data from the CT-scanning and the inductive method have been processed to obtain the density of steel fibres and their orientation in all the specimens, before comparing the results. Then, a complementary study was carried out to validate the inductive method, using hand-made cylinders with a previously known fibre dosage and orientation. Finally, the dual energy CT technique was applied and some conclusions about its potential were discussed. Both methods exhibited comparable accuracy and precision in measuring fibre density and orientation. Considering that CT-scanning is the reference technique, this mutual agreement reinforces the reliability of the inductive method. Additionally, the authors employed the dual energy CT aiming to explore the potential of this novel technique within the domain of fibre reinforced concrete research.</subfield>
</datafield>
<datafield tag="024" ind2=" " ind1="8">
<subfield code="a">1359-5997</subfield>
</datafield>
<datafield tag="024" ind2=" " ind1="8">
<subfield code="a">https://hdl.handle.net/10259/11385</subfield>
</datafield>
<datafield tag="024" ind2=" " ind1="8">
<subfield code="a">10.1617/s11527-025-02784-w</subfield>
</datafield>
<datafield tag="024" ind2=" " ind1="8">
<subfield code="a">1871-6873</subfield>
</datafield>
<datafield ind1=" " ind2=" " tag="653">
<subfield code="a">Fibre reinforced concrete</subfield>
</datafield>
<datafield ind1=" " ind2=" " tag="653">
<subfield code="a">Inductive method</subfield>
</datafield>
<datafield ind1=" " ind2=" " tag="653">
<subfield code="a">CT-scanning</subfield>
</datafield>
<datafield ind1=" " ind2=" " tag="653">
<subfield code="a">Fibre orientation</subfield>
</datafield>
<datafield ind1=" " ind2=" " tag="653">
<subfield code="a">Quality control</subfield>
</datafield>
<datafield ind1=" " ind2=" " tag="653">
<subfield code="a">Dual energy</subfield>
</datafield>
<datafield tag="245" ind1="0" ind2="0">
<subfield code="a">Experimental study of the fibre distribution in SFRC: a comparison between CT-scanning techniques and the inductive method</subfield>
</datafield>
</record></metadata></record></GetRecord></OAI-PMH>